00479nam a2200181Ia 4500008004100000020001800041041000800059082001700067100002300084245003100107250001200138260001700150300002800167365001600195700003000211906003700241999001900278230714s9999 xx 000 0 und d a9780000000000 aeng a621.395bALL aAllen P.E.9128861 aCMOS Analog Circuit Design a3rd ed. c2013bOxford a590dRef 1707 E (54214) cRs.b650.00 aAllen P.E. & Holberg D.R. dB:IN 166811-Oct-2013cETC b3250 c209368d209368